Cheesy quiz - Statistics

General Stats
  • This quiz has been taken 14 times
  • The average score is 11 of 20
Answer Stats
Hint Answer % Correct
Sakura Japan
92%
Gouda Netherlands
85%
Feta Greece
77%
American cheese USA
77%
Stilton England/UK
69%
Bastardo del Grappa Italy
69%
Oaxaca / Quesillo Mexico
69%
Brie France
62%
Queijo de Azeitão Portugal
62%
Çömlek Turkey
62%
Pategrás Argentina
54%
Manchego Spain
54%
Gołka Poland
46%
Gruyère Switzerland
46%
Älgens hus moose cheese Sweden
38%
Bleu Bénédictin Canada
31%
Halloumi Cyprus
31%
Coolea Ireland
23%
Guayanés Venezuela
23%
Aura / Midnight blue Finland
8%
No matching quizzes found
Score Distribution
Percent of People with Each Score
Percentile by Number Answered
Your Score History
You have not taken this quiz